Air power and the cities, (Record no. 552582)
[ view plain ]
| 000 -LEADER | |
|---|---|
| fixed length control field | 00946cam a22001811 4500 |
| 082 ## - DEWEY DECIMAL CLASSIFICATION NUMBER | |
| Classification number | 358.4 |
| Author Mark | SPA |
| -- | D |
| 100 1# - MAIN ENTRY--PERSONAL NAME | |
| Personal name | Spaight, James Molony, |
| 9 (RLIN) | 49830 |
| 245 10 - TITLE STATEMENT | |
| Title | Air power and the cities, |
| Statement of responsibility, etc. | by J. M. Spaight. |
| 260 ## - PUBLICATION, DISTRIBUTION, ETC. | |
| Place of publication, distribution, etc. | London, |
| -- | New York, |
| Name of publisher, distributor, etc. | Longmans, Green, |
| Date of publication, distribution, etc. | 1930. |
| 300 ## - PHYSICAL DESCRIPTION | |
| Extent | ix, 244 p. |
| Dimensions | 23 cm. |
| 500 ## - GENERAL NOTE | |
| General note | "This book is in the nature of a sequel to my former book, Air power and war rights, published in 1924, or rather to a section of that book. It deals ... with a subject already dealt with in chapters VIII. to XI. (chapter I. being also relevant, in parts) of the earlier book, and those chapters and the present book may be regarded as ... the first and second volumes of a ... treatise on air bombardment."--Pref. |
| 526 ## - STUDY PROGRAM INFORMATION NOTE | |
| Program name | 0 |
| Interest level | 0 |
| Reading level | 0 |
| Title point value | 358_400000000000000_SPA |
| 650 #0 - SUBJECT ADDED ENTRY--TOPICAL TERM | |
| Topical term or geographic name entry element | Aeronautics, Military. |
| 9 (RLIN) | 49493 |
| 650 #0 - SUBJECT ADDED ENTRY--TOPICAL TERM | |
| Topical term or geographic name entry element | Bombardment. |
| 9 (RLIN) | 49831 |
| 650 #0 - SUBJECT ADDED ENTRY--TOPICAL TERM | |
| Topical term or geographic name entry element | MCE |
| 9 (RLIN) | 379 |
| 650 #0 - SUBJECT ADDED ENTRY--TOPICAL TERM | |
| Topical term or geographic name entry element | War (International law) |
| 9 (RLIN) | 8463 |
| 942 ## - ADDED ENTRY ELEMENTS (KOHA) | |
| Source of classification or shelving scheme | |
| Koha item type | Book |
| Withdrawn status | Lost status | Source of classification or shelving scheme | Damaged status | Not for loan | Permanent Location | Current Location | Shelving location | Date acquired | Total Checkouts | Full call number | Barcode | Date last seen | Price effective from | Koha item type |
|---|---|---|---|---|---|---|---|---|---|---|---|---|---|---|
| Military College of Engineering (MCE) | Military College of Engineering (MCE) | 01/19/2015 | 358.4 SPA | MCE-ECA/60.1 | 01/19/2015 | 01/19/2015 | Book |
